000 00363nam a2200145Ia 4500
008 240729s9999 xx 000 0 und d
022 _a2398-8835
245 0 _aHealth Science Reports
260 _aUnited States
260 _bWiley
650 _aMedicine
856 _uhttps://doaj.org/toc/9935ba7dbf6d477e935f3bf8c527dce4
942 _2ddc
942 _cDOAJEJ
999 _c72686
_d72686
945 _a1
_bMadushi Gamage
_c1
_dMadushi Gamage